El viejo y el mar /

Guardado en:
Autor Principal: Hemingway, Ernest
Formato: Libro
Publicado: Madrid : Planeta, 200-
Series:Biblioteca La Nación
Materias:
Etiquetas: Agregar Etiqueta
Sin Etiquetas, Sea el primero en etiquetar este registro!
LEADER 00684nam a22002295a 4500
001 CEM.cems011207
008 130507b200-##################000#0#####d
005 20220427123926.0
003 CEMS
245 1 0 |a El viejo y el mar /  |c Ernest Hemingway 
260 |a Madrid :  |b Planeta,  |c 200- 
300 |a 237 p. 
490 0 |a Biblioteca La Nación 
500 |a Con vida de Hemingway por Carlos Pujol 
100 1 |a Hemingway, Ernest 
082 0 4 |a 813.5 
653 |a Literatura 
653 |a Literatura eeuu 
653 |a Novela eeuu 
653 |a Novelas 
859 |a CEMS  |b BIB. CEMS - 11 de abril  |h 813.5  |i H373-4  |p 21947.02  |t Ej.1 
859 |a CEMS  |b BIB. CEMS - 11 de abril  |h 813.5  |i H373-4  |p 26608.13  |t Ej.2